Gransheel man bal manivigyan ka vevechan (Record no. 439987)

000 -LEADER
fixed length control field 00327cam a22001097a 4500
008 - FIXED-LENGTH DATA ELEMENTS--GENERAL INFORMATION
fixed length control field 180718b1997 xxu||||| |||| 00| 0 eng d
020 ## - INTERNATIONAL STANDARD BOOK NUMBER
International Standard Book Number 81 86684 10 7
245 ## - TITLE STATEMENT
Title Gransheel man bal manivigyan ka vevechan
Statement of responsibility, etc. translated by Sarla Mohanlal
260 ## - PUBLICATION, DISTRIBUTION, ETC.
Place of publication, distribution, etc. New Delhi
Name of publisher, distributor, etc. Granth Shilpy
Date of publication, distribution, etc. 1997
300 ## - PHYSICAL DESCRIPTION
Extent 246p.
700 ## - ADDED ENTRY--PERSONAL NAME
Personal name Mohanlal, Sarla
Holdings
Withdrawn status Lost status Damaged status Not for loan Permanent Location Current Location Date acquired Barcode Date last seen Price effective from Koha item type
        Indian Institute of Public Administration Indian Institute of Public Administration 2010-05-06 76356 2018-07-21 2018-07-21 Book

Powered by Koha